LEADER 01047nam a2200241 u 4500 001 000000022063 003 CaOOAMICUS 005 20070226111101.0 008 950424s1951 it b u000 u ita u 035 $a10549921 040 $aIAR$bita 100 1 $aPareja Casañas, Félix M.$0(OLS)http://pul/name/18786 245 10$aIslamologia /$cF. M. Pareja ... Con la collaborazione del dott. A. Bausani ... e del dott. L. Hertling .. 260 $aRoma :$bOrbis catholicus,$c1951. 300 $axv, 842 S., :$bKarten, ;$c27 cm 650 4$aIalam$xManuali, trattati, ecc.$0(OLS)http://pul/subject/13972 700 1 $aHertling, Ludwig von,$cS.I.$0(OLS)http://pul/name/303 700 1 $aBausani, Alessandro,$d1921-$0(OLS)http://pul/name/18787 850 $aPUL 852 $aPUL$W1$xDP1 Fondo Cecchetti$y53$m283 C 26$j31006$nBK-PRI$b $qFondi$B31006$CPULBib$Z2$F31006 $HPUL5635 $81 941 1 $a1 996 $6245$aIslamologia$9(OLS)http://pul/title/30804 996 $6260$aRoma :$bOrbis catholicus$9(OLS)http://pul/publisher/48903 LEADER 02009nam a2200313 a 4500 001 000000168604 003 CaOOAMICUS 005 20180710155954.0 008 180710s1995 it a 000 u ita r 032 $aLibriCat 040 $aPul$bita 111 2 $aSeminario Fondazione Cini Isola di San Giorgio $d(26-28 febbraio 1993 :$cVenezia).$0(OLS)http://pul/name/108628 245 10$aArmonia o disordine per la cultura in Europa? : $bl'impatto del Mercato Unico e del Trattato di Maastricht : atti del seminario : Venezia, 26-28 febbraio 1993, Fondazione Cini, Isola di San Giorgio / $corganizzato da Fondazione Cini, CIRCLE, ISPE, Associ. 246 01$aHarmony or confusion for culture in Europe? : $bthe impact of the single market and of the Maastricht Treaty. 260 $a[Roma] :$bPresidenza del Consiglio dei Ministri, Dipartimento per l'Informazione e l'Editoria,$c©1995. 300 $a298 p. : $bill. ; $c24 cm. 490 1 $aQuaderni di Vita italiana 500 $aTesto anche in inglese. 700 1 $aBodo, Carla.$0(OLS)http://pul/name/108627 700 1 $aFisher, Rod.$0(OLS)http://pul/name/108626 710 2 $aFondazione "Giorgio Cini".$0(OLS)http://pul/name/51410 830 0$aQuaderni di Vita italiana.$0(OLS)http://pul/title/193258 850 $aPUL 852 $aPUL$W1$xDP1 Fondo Dalla Palma$y117$m3 B 39$j25557$qFondi$B196527$CPULBib$Z2$F196527 $HDal2686 $81 941 1 $a1 996 $6245$aArmonia o disordine per la cultura in Europa? : $bl'impatto del Mercato Unico e del Trattato di Maastricht : atti del seminario : Venezia, 26-28 febbraio 1993, Fondazione Cini, Isola di San Giorgio / $9(OLS)http://pul/title/209029 996 $6246$aHarmony or confusion for culture in Europe? : $bthe impact of the single market and of the Maastricht Treaty.$9(OLS)http://pul/title/209030 996 $6260$a[Roma] :$bPresidenza del Consiglio dei Ministri, Dipartimento per l'Informazione e l'Editoria$9(OLS)http://pul/publisher/51369